Central Library OPAC University of Rajshahi

ইমরু'উল কায়স ও তাঁর মু'আল্লাকাহ / (Record no. 78109)

MARC details
000 -LEADER
fixed length control field 00796nam a2200217 a 4500
001 - CONTROL NUMBER
control field 78109
003 - CONTROL NUMBER IDENTIFIER
rucl marc code BD-RjUL
005 - DATE AND TIME OF LATEST TRANSACTION
control field 20211209083105.0
008 - FIXED-LENGTH DATA ELEMENTS--GENERAL INFORMATION
fixed length control field 210322s2021 bg ||||| |||| 00| 0 ben d
035 ## - SYSTEM CONTROL NUMBER
System control number (BD-RjUL)78335
040 ## - CATALOGING SOURCE
Original cataloging agency BD-RjUL
Language of cataloging eng
Transcribing agency BD-RjUL
041 ## - LANGUAGE CODE
Language code of text/sound track or separate title ben
082 ## - DEWEY DECIMAL CLASSIFICATION NUMBER
Edition number 23
Classification number 892.71
Author mark and year BEI 2021
100 ## - MAIN ENTRY--PERSONAL NAME
Personal name হুসাইন, মহা. বেলাল
9 (RLIN) 246383
245 10 - TITLE STATEMENT
Title ইমরু'উল কায়স ও তাঁর মু'আল্লাকাহ /
Statement of responsibility, etc. মহা. বেলাল হুসাইন
260 ## - PUBLICATION, DISTRIBUTION, ETC. (IMPRINT)
Place of publication, distribution, etc. রাজশাহী :
Name of publisher, distributor, etc. হামিদা পাবলিকেশন,
Date of publication, distribution, etc. ২০২১
300 ## - PHYSICAL DESCRIPTION
Pagination ৬৮ পৃ.;
Size ২১ সেমি.
650 ## - SUBJECT ADDED ENTRY--TOPICAL TERM
Topical term or geographic name as entry element আরবী কবিতা
9 (RLIN) 246384
Topical term or geographic name as entry element Arabic poetry
9 (RLIN) 246385
942 ## - ADDED ENTRY ELEMENTS (KOHA)
Source of classification or shelving scheme Dewey Decimal Classification
Koha item type Books
Holdings
Lost status Source of classification or shelving scheme Damaged status Not for loan Collection code Permanent Location Current Location Shelving location Date acquired Source of acquisition Cost, normal purchase price Total Checkouts Full call number Date last seen Copy number Koha item type
  Dewey Decimal Classification   Not For Loan Non-fiction Central Library, University of Rajshahi Central Library, University of Rajshahi Reading Room 18/03/2021 মহা. বেলাল হুসাইন 72.00   B 892.71 BEI 2021 22/03/2021 C-1 Books
  Dewey Decimal Classification     Non-fiction Central Library, University of Rajshahi Central Library, University of Rajshahi   18/03/2021 মহা. বেলাল হুসাইন 72.00   B 892.71 BEI 2021 22/03/2021 C-2 Books
  Dewey Decimal Classification     Non-fiction Central Library, University of Rajshahi Central Library, University of Rajshahi   18/03/2021 মহা. বেলাল হুসাইন 72.00   B 892.71 BEI 2021 22/03/2021 C-3 Books
  Dewey Decimal Classification     Non-fiction Central Library, University of Rajshahi Central Library, University of Rajshahi   18/03/2021 মহা. বেলাল হুসাইন 72.00   B 892.71 BEI 2021 22/03/2021 C-4 Books
  Dewey Decimal Classification     Non-fiction Central Library, University of Rajshahi Central Library, University of Rajshahi   18/03/2021 মহা. বেলাল হুসাইন 72.00   B 892.71 BEI 2021 22/03/2021 C-5 Books